Využívání strukturálních fondů Evropské unie nebude samozřejmostí

Východzie predpoklady a pravidlá k využívaniu prostriedkov zo štrukturálnych fondov. Rozdelovanie podľa tzv. cieľov. Význam predvstupovej pomoci. Druhy pomoci a zaradenie regiónov pod "Ciele". Tri druhy pomoci financovania zo štrukturálnych fondov. Proces prípravy dokumentácie a implementačných štr...

Ausführliche Beschreibung

Gespeichert in:
Bibliographische Detailangaben
1. Verfasser: Pešek, Pavel
Format: Buchkapitel
Sprache:Tschechisch
Schlagworte:
Tags: Tag hinzufügen
Keine Tags, Fügen Sie das erste Tag hinzu!

MARC

LEADER 00000naa$a2200000$$$4500
001 0003331
005 20231004104316.7
041 0 |a cze 
044 |a CZ 
245 1 0 |a Využívání strukturálních fondů Evropské unie nebude samozřejmostí  |c Pavel Pešek 
520 |a Východzie predpoklady a pravidlá k využívaniu prostriedkov zo štrukturálnych fondov. Rozdelovanie podľa tzv. cieľov. Význam predvstupovej pomoci. Druhy pomoci a zaradenie regiónov pod "Ciele". Tri druhy pomoci financovania zo štrukturálnych fondov. Proces prípravy dokumentácie a implementačných štruktúr. Administratívny rámec riadenia. Príprava štátnej správy v ČR k využívaniu štrukturálnych fondov a Fondu súdržnosti. 
610 2 0 |a Európska únia 
610 2 0 |a pomoc finančná 
610 2 0 |a fondy štruktúrne 
610 2 0 |a financovanie 
610 2 0 |a rozvoj regionálny 
610 2 0 |a Česko 
100 1 |a Pešek, Pavel